C# 2005
Tiếp theo 4 quyển của tập 5 thuộc cuốn sách "C# 2005 - Lập trình ASP.Net 2.0" nằm trong bộ sách C# 2005, quyển 1 của tập 6 cung cấp cho bạn những kiến thức về tác nghiệp hoàn chỉnh của ngành kinh doanh tuyển dụng nhân sự trực tuyến và c...
Đã lưu trong:
| 主要作者: | |
|---|---|
| 格式: | 圖書 |
| 語言: | Undetermined |
| 出版: |
Thành phố Hồ Chí Minh
Lao động - Xã hội
2007
|
| 主題: | |
| 標簽: |
添加標簽
沒有標簽, 成為第一個標記此記錄!
|
| Thư viện lưu trữ: | Trung tâm Học liệu Trường Đại học Cần Thơ |
|---|
| LEADER | 01240nam a2200205Ia 4500 | ||
|---|---|---|---|
| 001 | CTU_129483 | ||
| 008 | 210402s9999 xx 000 0 und d | ||
| 020 | |c 89000 | ||
| 082 | |a 005.758 | ||
| 082 | |b Kh106/T.6-Q.1 | ||
| 100 | |a Phạm, Hữu Khang | ||
| 245 | 0 | |a C# 2005 | |
| 245 | 0 | |c Phạm Hữu Khang ( Chủ biên ) ; Đoàn Thiện Ngân ( Hiệu đính ) | |
| 260 | |a Thành phố Hồ Chí Minh | ||
| 260 | |b Lao động - Xã hội | ||
| 260 | |c 2007 | ||
| 520 | |a Tiếp theo 4 quyển của tập 5 thuộc cuốn sách "C# 2005 - Lập trình ASP.Net 2.0" nằm trong bộ sách C# 2005, quyển 1 của tập 6 cung cấp cho bạn những kiến thức về tác nghiệp hoàn chỉnh của ngành kinh doanh tuyển dụng nhân sự trực tuyến và cách áp dụng những kỹ thuật ASP.Net 2.0 với cơ sở dữ liệu SQL Server trong ứng dụng này. | ||
| 650 | |a C# ( Computer program language ),C# (ngôn ngữ chương trình máy tính),SQL ( Computer program language ),SQL ( Ngôn ngữ lập trình máy tính ) | ||
| 904 | |i Giang | ||
| 980 | |a Trung tâm Học liệu Trường Đại học Cần Thơ | ||